BIBLIOTECA PODER JUDICIAL
Portal Judicial TDF

La intervención voluntaria de terceros en el proceso / (Registro nro. 1564)

000 -LEADER
fixed length control field 01304nam a22002417a 4500
003 - CONTROL NUMBER IDENTIFIER
control field OSt
005 - DATE AND TIME OF LATEST TRANSACTION
control field 20180927091743.0
008 - FIXED-LENGTH DATA ELEMENTS--GENERAL INFORMATION
fixed length control field 180220b xxu||||| |||| 00| 0 spa d
020 ## - INTERNATIONAL STANDARD BOOK NUMBER
International Standard Book Number 9505690533
040 ## - CATALOGING SOURCE
Transcribing agency PJ
100 ## - ASIENTO PRINCIPAL - NOMBRE DE PERSONA
9 (RLIN) 2386
Personal name González, Atilio Carlos
245 13 - MENCIÓN DE TÍTULO
Título propiamente dicho La intervención voluntaria de terceros en el proceso /
Mención de responsabilidad, etc Atilio Carlos González; prólogo de Carlos E. Finochietto.
260 ## - PUBLICATION, DISTRIBUTION, ETC. (IMPRINT)
Place of publication, distribution, etc Buenos Aires :
Date of publication, distribution, etc Ábaco de Rodolfo Depalma,
Name of publisher, distributor, etc 1994.
300 ## - DESCRIPCION FISICA
Extent 113 p.
Dimensions 23 cm.
500 ## - NOTA GENERAL
General note Notas y citas bibliográficas a pie de página.
504 ## - NOTA DE BIBLIOGRAFÍA, ETC.
Bibliography, etc Bibliografía: p. 109-113.
505 ## - FORMATTED CONTENTS NOTE
Formatted contents note Contenido:<br/>Introducción al tema -- La intervención voluntaria de terceros --La intervención principal o excluyente -- La intervención adhesiva simple, dependiente o coadyuvante -- La intervención adhesiva autónoma o litisconsorcial -- Sístesis acomparativa entre los upuestos de intervención de terceros principal y adhesiva -- Supuesto atípico de formación del litisconsorcio facultativo -- La regulación legislativa de la intervención voluntaria de terceros.
650 #0 - ASIENTO SECUNDARIO DE MATERIA - TERMINO TEMATICO
9 (RLIN) 1148
Topical term or geographic name as entry element DERECHO PROCESAL CIVIL
650 #0 - ASIENTO SECUNDARIO DE MATERIA - TERMINO TEMATICO
9 (RLIN) 2362
Topical term or geographic name as entry element PARTES DEL PROCESO
650 #0 - ASIENTO SECUNDARIO DE MATERIA - TERMINO TEMATICO
9 (RLIN) 2363
Topical term or geographic name as entry element INTERVENCIÓN DE TERCEROS
700 ## - ADDED ENTRY--PERSONAL NAME
9 (RLIN) 2387
Personal name Finochietto, Carlos E.
942 ## - ADDED ENTRY ELEMENTS (KOHA)
Source of classification or shelving scheme
Koha item type Libros
Classification part 347.921.3
Item part GON
Existencias
Withdrawn status Lost status Source of classification or shelving scheme Damaged status Not for loan Permanent Location Current Location Date acquired Full call number Barcode Date last seen Price effective from Koha item type
          Biblioteca Poder Judicial Sur Biblioteca Poder Judicial Sur 2018-09-27 347.921.3 GON 0455 2018-09-27 2018-09-27 Libros

12 de Octubre 789 Ushuaia - Tel:  54(02901)441571
Horario de Atención: 8.00 a 17.00 hs. 
bibliotecaush@justierradelfuego.gov.ar
koha@justierradelfuego.gov.ar
Seguinos en nuestras redes @bibliojustdf 

Con tecnología Koha